[Event "13th Norway Chess 2025"]
[Site "Stavanger NOR"]
[Date "2025.05.26"]
[Round "1.3"]
[White "Carlsen, Magnus"]
[Black "Gukesh, D.."]
[Result "1-0"]
[WhiteElo "2837"]
[BlackElo "2787"]
[Annotator "Chessbase"]
[PlyCount "109"]
[EventDate "2025.05.26"]

1. d4 Nf6 2. Nc3 d5 3. Bf4 c5 4. e3 Bg4 5. Be2 Bxe2 6. Ncxe2 ({RR} 6. Ngxe2 e6 7. Qd2 Nc6 8. Nb5 Rc8 9. dxc5 Bxc5 10. Ned4 Ne4 11. Qd1 O-O 12. Nxc6 bxc6 13. Nd4 Qb6 14. Rb1 Rfe8 15. Nb3 Bf8 16. O-O c5 17. Nd2 Nf6 18. Nf3 Ne4 19. c3 c4 20. Qc2 Bd6 {Duarte Cramer,L (1828)-Brancaleoni,M (2185) chess.com INT 2025 0-1 (49)}) 6... Nc6 7. Nf3 e6 8. c3 Be7 $146 ({RR} 8... Bd6 9. O-O O-O 10. Bxd6 Qxd6 11. Nf4 Ne4 12. dxc5 Qxc5 {½-½ (12) Naroditsky,D (2619)-Galchenko,M (2438) chess.com INT 2023}) ({RR} 8... Bd6 9. O-O O-O 10. Bxd6 Qxd6 11. Nf4 Ne4 12. dxc5 Qxc5 {½-½ (12) Naroditsky,D (2619)-Galchenko,M (2438) chess.com INT 2023}) ({RR} 8... Bd6 9. O-O O-O 10. Bxd6 Qxd6 11. Nf4 Ne4 12. dxc5 Qxc5 {½-½ (12) Naroditsky,D (2619)-Galchenko,M (2438) chess.com INT 2023}) ({RR} 8... Nh5 9. Be5 Bd6 10. Bxd6 Qxd6 11. Ng3 Nxg3 12. hxg3 h6 13. Qd3 O-O 14. g4 e5 15. dxe5 Nxe5 16. Nxe5 Qxe5 17. O-O-O Rfd8 18. Rh5 Qe6 19. g5 Qg6 20. Qxg6 fxg6 21. Rh4 Kh7 22. gxh6 gxh6 23. Rdh1 {Bazan Romero,O (2289)-Khanbutaev,A (2139) chess.com INT 2025 ½-½ (84)}) 9. Ng3 O-O 10. Qe2 h6 11. Rd1 Qa5 12. a3 Rfd8 13. h4 Qa4 14. Ne5 Nxe5 15. Bxe5 Nd7 16. Bf4 Qa6 17. Qf3 Bd6 18. Nh5 Bxf4 19. Qxf4 e5 20. Qg3 Qg6 21. Qxg6 fxg6 22. Ng3 exd4 23. cxd4 c4 24. Ne2 b5 25. Nc3 Nf6 26. Rb1 Rab8 27. f3 a5 28. b4 cxb3 29. Rxb3 b4 30. axb4 Rxb4 31. Ra3 Re8 32. Kd2 Rb2+ 33. Kd3 Rxg2 34. Rxa5 Rg3 35. Rf1 g5 36. hxg5 Rxg5 37. Rfa1 h5 38. Ra8 Rxa8 39. Rxa8+ Kh7 40. e4 dxe4+ 41. fxe4 h4 42. e5 h3 43. exf6 h2 44. f7 Rg3+ 45. Kd2 h1=Q 46. f8=Q Qh6+ 47. Kc2 Qg6+ 48. Kb2 Qb6+ 49. Ka2 Rg2+ 50. Ka3 Qb2+ 51. Ka4 Qxc3 52. Qh8+ Kg6 53. Ra6+ Kf5 54. Qf8+ Ke4 55. Re6+ 1-0

[Event "13th Norway Chess 2025"]
[Site "Stavanger NOR"]
[Date "2025.05.28"]
[Round "3.2"]
[White "Carlsen, Magnus"]
[Black "Wei, Yi"]
[Result "1/2-1/2"]
[WhiteElo "2837"]
[BlackElo "2758"]
[Annotator "CB-RR"]
[PlyCount "101"]
[EventDate "2025.05.26"]

{[%evp 0,101,28,20,20,-4,-4,-4,-4,-23,3,3,-7,-27,1,-7,-7,-15,-15,-2,-2,1,0,0,17,-8,-15,-7,-4,4,-2,0,0,0,11,17,46,46,46,36,36,29,56,42,44,63,64,48,62,72,53,70,70,46,46,46,26,38,28,28,26,15,43,16,3,0,12,17,17,17,43,58,58,17,36,33,33,33,33,0,9,0,33,-12,7,4,4,4,0,0,0,0,0,0,0,0,0,0,0,0,0,0,0,0]} 1. d4 Nf6 2. c4 e6 3. Nf3 d5 4. g3 Be7 5. Bg2 O-O 6. O-O dxc4 7. Qc2 a6 8. a4 Bd7 9. Qxc4 Bc6 10. Bg5 Bd5 11. Qc2 Be4 12. Qc1 Nc6 13. e3 Bb4 14. Qd1 h6 15. Bxf6 Qxf6 16. Nc3 Bxc3 17. bxc3 Na5 18. Ne5 Bxg2 19. Kxg2 Rfd8 20. Qb1 $146 ({RR} 20. Rb1 c5 21. Qe2 Rac8 22. Rfc1 Rc7 23. Nd3 c4 24. Nc5 e5 25. Qf3 Qg6 26. Rd1 exd4 27. exd4 Qc2 28. Re1 Nb3 29. Ne4 Qa2 30. Nc5 Qc2 31. Qf4 Rdc8 32. Ne4 Rd7 33. Nf6+ gxf6 34. Qg4+ Qg6 {Injac,T (2431)-Mijovic,A (2130) Budva MNE 2023 1-0 (41)}) ({RR} 20. Rb1 c5 21. Qe2 Rac8 22. Rfc1 Rc7 23. Nd3 c4 24. Nc5 e5 25. Qf3 Qg6 26. Rd1 exd4 27. exd4 Qc2 28. Re1 Nb3 29. Ne4 Qa2 30. Nc5 Qc2 31. Qf4 Rdc8 32. Ne4 Rd7 33. Nf6+ gxf6 34. Qg4+ Qg6 {Injac,T (2431)-Mijovic,A (2130) Budva MNE 2023 1-0 (41)}) ({RR} 20. Rb1 c5 21. Qe2 Rac8 22. Rfc1 Rc7 23. Nd3 c4 24. Nc5 e5 25. Qf3 Qg6 26. Rd1 exd4 27. exd4 Qc2 28. Re1 Nb3 29. Ne4 Qa2 30. Nc5 Qc2 31. Qf4 Rdc8 32. Ne4 Rd7 33. Nf6+ gxf6 34. Qg4+ Qg6 {Injac,T (2431)-Mijovic,A (2130) Budva MNE 2023 1-0 (41)}) 20... Rac8 21. Rd1 c5 22. Qb6 cxd4 23. cxd4 Rd5 24. Rdc1 Qd8 25. Qb4 Rc7 26. Rc3 Rxc3 27. Qxc3 Rd6 28. Rb1 f6 29. Ng6 Qe8 30. Qc2 Kf7 31. h4 Qc6+ 32. Qxc6 Rxc6 33. h5 Rc4 34. Kf3 Ke8 35. Nf4 Ke7 36. g4 e5 37. Ng6+ Ke6 38. dxe5 fxe5 39. Rb6+ Rc6 40. Rb2 Rc4 41. Ra2 Nb3 42. Nh4 Nc5 43. Nf5 Rxa4 44. Rc2 b6 45. Rd2 Ne4 46. Nxg7+ Kf6 47. Rd7 Ng5+ 48. Kg3 Ne4+ 49. Kf3 Ng5+ 50. Kg3 Ne4+ 51. Kf3 1/2-1/2

[Event "13th Norway Chess 2025"]
[Site "Stavanger NOR"]
[Date "2025.05.28"]
[Round "3.2"]
[White "Carlsen, Magnus"]
[Black "Wei, Yi"]
[Result "1/2-1/2"]
[WhiteElo "2837"]
[BlackElo "2758"]
[Annotator "Chess.com"]
[PlyCount "101"]
[EventDate "2025.05.26"]

{[%evp 0,101,16,28,27,-16,-9,4,4,-25,-11,-19,11,-26,21,-9,-3,-19,-24,-12,3,-10,1,-31,5,-36,-7,-15,7,-32,-7,-9,-8,-6,14,13,32,24,38,47,40,55,50,45,21,19,54,-2,64,68,69,73,65,45,27,34,21,28,27,34,34,16,42,0,26,18,7,0,0,8,48,60,61,6,22,36,36,37,39,0,6,0,39,0,13,0,5,0,17,0,0,0,0,0,0,0,0,0,0,0,0,0,0,0]} 1. d4 Nf6 2. c4 e6 3. Nf3 d5 4. g3 Be7 5. Bg2 O-O 6. O-O dxc4 7. Qc2 a6 8. a4 Bd7 9. Qxc4 Bc6 10. Bg5 Bd5 11. Qc2 Be4 12. Qc1 Nc6 13. e3 Bb4 14. Qd1 h6 15. Bxf6 Qxf6 16. Nc3 Bxc3 17. bxc3 Na5 18. Ne5 Bxg2 19. Kxg2 Rfd8 20. Qb1 $146 ({RR} 20. Rb1 c5 21. Qe2 Rac8 22. Rfc1 Rc7 23. Nd3 c4 24. Nc5 e5 25. Qf3 Qg6 26. Rd1 exd4 27. exd4 Qc2 28. Re1 Nb3 29. Ne4 Qa2 30. Nc5 Qc2 31. Qf4 Rdc8 32. Ne4 Rd7 33. Nf6+ gxf6 34. Qg4+ Qg6 {Injac,T (2431)-Mijovic,A (2130) Budva MNE 2023 1-0 (41)}) ({RR} 20. Rb1 c5 21. Qe2 Rac8 22. Rfc1 Rc7 23. Nd3 c4 24. Nc5 e5 25. Qf3 Qg6 26. Rd1 exd4 27. exd4 Qc2 28. Re1 Nb3 29. Ne4 Qa2 30. Nc5 Qc2 31. Qf4 Rdc8 32. Ne4 Rd7 33. Nf6+ gxf6 34. Qg4+ Qg6 {Injac,T (2431)-Mijovic,A (2130) Budva MNE 2023 1-0 (41)}) ({RR} 20. Rb1 c5 21. Qe2 Rac8 22. Rfc1 Rc7 23. Nd3 c4 24. Nc5 e5 25. Qf3 Qg6 26. Rd1 exd4 27. exd4 Qc2 28. Re1 Nb3 29. Ne4 Qa2 30. Nc5 Qc2 31. Qf4 Rdc8 32. Ne4 Rd7 33. Nf6+ gxf6 34. Qg4+ Qg6 {Injac,T (2431)-Mijovic,A (2130) Budva MNE 2023 1-0 (41)}) 20... Rac8 21. Rd1 c5 22. Qb6 cxd4 23. cxd4 Rd5 24. Rdc1 Qd8 25. Qb4 Rc7 26. Rc3 $6 {A move that seems to give away much of White's advantage.} (26. h4 {or other waiting moves, and Carlsen remains clearly better, though there's no obvious knockout blow.}) 26... Rxc3 $1 27. Qxc3 Rd6 $1 {This square is now available after the queen was deflected from b4.} 28. Rb1 f6 29. Ng6 Qe8 30. Qc2 Kf7 31. h4 Qc6+ 32. Qxc6 Rxc6 33. h5 Rc4 34. Kf3 Ke8 35. Nf4 Ke7 36. g4 $6 (36. Nd3 $1 {and White preserves more chances.} e5 (36... Rxa4 37. Nc5 Ra2 38. Rb6 e5 39. d5 Rd2 40. e4 Kf8 {illustrates the kind of chances Carlsen could have got.}) 37. Ke4 {In the game the e5-pawn attacks the knight, so there's no option to play like this.}) 36... e5 37. Ng6+ Ke6 38. dxe5 fxe5 39. Rb6+ Rc6 40. Rb2 Rc4 41. Ra2 Nb3 42. Nh4 Nc5 43. Nf5 Rxa4 44. Rc2 b6 45. Rd2 Ne4 46. Nxg7+ Kf6 47. Rd7 {Black has powerful connected passed pawns on the queenside, so Carlsen decides it's time to shut things down.} Ng5+ 48. Kg3 Ne4+ 49. Kf3 Ng5+ 50. Kg3 Ne4+ 51. Kf3 1/2-1/2

[Event "13th Norway Chess 2025"]
[Site "Stavanger NOR"]
[Date "2025.06.06"]
[Round "10.1"]
[White "Erigaisi Arjun"]
[Black "Carlsen, Magnus"]
[Result "1/2-1/2"]
[WhiteElo "2782"]
[BlackElo "2837"]
[Annotator "CB-RR"]
[PlyCount "111"]
[EventDate "2025.05.26"]
[WhiteTeam "IND"]
[BlackTeam "NOR"]
[WhiteClock "0:05:24"]
[BlackClock "0:00:23"]

{[%evp 0,111,18,18,18,-18,-2,-3,-14,-22,-24,-51,13,21,14,22,37,15,35,31,30,30,39,40,36,25,38,40,66,73,62,40,40,-52,-47,-51,63,75,97,83,111,62,53,53,53,53,49,42,51,46,38,48,46,46,65,58,69,102,110,84,143,141,154,118,136,102,90,90,90,77,72,85,85,29,51,0,0,0,0,-17,0,-145,-145,-145,-145,-387,-202,-228,-151,-387,0,0,0,-312,-312,-312,0,-309,-309,-309,-315,-315,-321,-321,-291,-291,-291,-291,-291,-291,-291,-291,-291,-291]} 1. d4 d5 2. c4 e6 3. Nc3 Nf6 4. cxd5 exd5 5. Bg5 Be7 6. e3 O-O 7. Bd3 h6 8. Bh4 c6 9. Nge2 Nbd7 10. O-O a5 ({RR} 10... Nh5 11. Bxe7 Qxe7 12. Qd2 Re8 13. Rae1 Nb6 14. Nf4 Nf6 15. f3 c5 16. g4 Be6 17. h4 Nh7 18. Qh2 cxd4 19. exd4 Qf6 20. Re5 g6 21. Rfe1 Bd7 22. Ncxd5 Qd6 23. Nxg6 Rxe5 24. Rxe5 Be6 25. Nge7+ {Ding,L (2808)-Abdusattorov,N (2677) Chess.com INT 2022 1-0}) 11. f3 ({RR} 11. Rc1 Re8 12. f3 b5 13. Kh1 Ba6 14. Bf2 Qb8 15. Ng3 b4 16. Nce2 Bxd3 17. Qxd3 c5 18. dxc5 Nxc5 19. Qb1 Bf8 20. Rfd1 Qb5 21. Nf4 Ne6 22. Nf5 Rac8 23. h3 Nxf4 24. exf4 Nh5 25. Nd4 Qd7 {Duda,J (2725)-Carlsen,M (2839) Zagreb CRO 2025 ½-½ (65)}) 11... b5 12. Qc2 Re8 13. e4 $146 ({RR} 13. a3 Ba6 14. Kh1 Qb8 15. Bg3 Qb7 16. e4 b4 17. Nd1 Bxd3 18. Qxd3 dxe4 19. fxe4 c5 20. e5 Qe4 21. Nf2 Qxd3 22. Nxd3 Nd5 23. dxc5 Nxc5 24. Nxc5 Bxc5 25. Rfd1 Ne3 26. Rdc1 Bf8 27. Nd4 bxa3 {Mesaros,F (2415)-Sebenik,M (2509) Austria 2022 ½-½ (44)}) ({RR} 13. Rae1 Ba6 14. Bf2 Nb6 15. Ng3 b4 16. Bxa6 Rxa6 17. Nd1 Nbd7 18. e4 dxe4 19. fxe4 c5 20. e5 Nd5 21. Nf5 Bf8 22. Bh4 Qb6 23. Nd6 Bxd6 24. Qf5 N7f6 25. exf6 Rxe1 26. Rxe1 Qc6 27. fxg7 cxd4 {Bercaru,V (2065)-Sabuk,P (2375) Roquetas de Mar ESP 2025 1-0 (44)}) ({RR} 13. Kh1 Ba6 14. Rad1 Qb8 ({RR} 14... Qb6 15. Bf2 Rad8 16. e4 dxe4 17. fxe4 Ng4 18. Bg1 Qb8 19. h3 Ngf6 20. e5 Nd5 21. Bh7+ Kh8 22. Rxf7 Nb4 23. Qg6 Bf8 24. Rdf1 Nd5 25. Nxd5 cxd5 26. Nf4 b4 27. Qxa6 Kxh7 28. Qg6+ Kh8 29. Qh5) 15. e4 b4 16. Nb1 Bxd3 17. Qxd3 dxe4 18. fxe4 Nxe4 19. Qxe4 Bxh4 20. Qxc6 Ra7 21. Nf4 Nf6 22. Qf3 Rae7 23. Rd3 Re1 24. Nd2 Bg5 25. g3 Qc8 26. Rxe1 Rxe1+ 27. Kg2 Bxf4 {Sele,T (1699)-Silva,M (2005) Budapest HUN 2024 0-1 (42)}) ({RR} 13. Kh1 Ba6 14. Rad1 Qb8 15. e4 b4 16. Nb1 Bxd3 17. Qxd3 dxe4 18. fxe4 Nxe4 19. Qxe4 Bxh4 20. Qxc6 Ra7 21. Nf4 Nf6 22. Qf3 Rae7 23. Rd3 Re1 24. Nd2 Bg5 25. g3 Qc8 26. Rxe1 Rxe1+ 27. Kg2 Bxf4 {Sele,T (1699)-Silva,M (2005) Budapest HUN 2024 0-1 (42)}) ({RR} 13. Bf2 Bb7 14. h3 Rc8 15. Bf5 g6 16. Bxg6 fxg6 17. Qxg6+ Kh8 18. e4 Nh7 19. e5 b4 20. Nd1 Ba6 21. Re1 Rg8 22. Qxh6 Bg5 23. Qd6 Qe8 24. e6 Qg6 25. Bg3 Ndf6 26. Nf2 Be3 27. Qe5 Bxe2) ({RR} 13. Bf2 Ba6 14. Rad1 Qb6 15. Rfe1 b4 16. Na4 Bxd3 17. Qxd3 Qb5 18. Qc2 Rac8 19. Nf4 c5 20. dxc5 Nxc5 21. Nxc5 Rxc5 22. Qd2 Rec8 23. Qd4 b3 24. axb3 Qxb3 25. Qe5 Bf8 26. Nd3 Rc2 27. Qf5 R8c6 {Anas Khwaira (2173)-Aradhya,G (2383) Al Ain UAE 2025 0-1 (65)}) 13... b4 14. Na4 dxe4 15. fxe4 Nxe4 16. Bxe7 Qxe7 17. Qxc6 Nef6 18. Qxa8 Qe3+ 19. Kh1 Qxd3 20. Nf4 Qxd4 21. Rad1 Qe5 22. Rc1 Nf8 23. Rxc8 Qxf4 24. Qa6 Qxf1+ 25. Qxf1 Rxc8 26. h3 Rd8 27. Qa6 Rd5 28. Nb6 Rc5 29. Nc4 Ne6 30. Nxa5 g5 31. Nc4 g4 32. b3 gxh3 33. gxh3 Rh5 34. Kh2 Kg7 35. Qb7 Ng5 36. Nd6 Rxh3+ 37. Kg2 Rd3 38. Nf5+ Kg6 39. Ne7+ Kh5 40. Qxb4 Nfe4 41. Kf1 Rd2 42. Qb5 Rd1+ 43. Kg2 Rd2+ 44. Kf1 Kg4 45. Qf5+ Kg3 46. Qe5+ Kf3 47. Qf5+ Kg3 48. Qe5+ Kf3 49. Qf5+ Ke3 50. Nd5+ Kd4 51. Ke1 Rxa2 52. Qd7 Ra1+ 53. Ke2 Ra2+ 54. Ke1 Ra1+ 55. Ke2 Ra2+ 56. Ke1 1/2-1/2

[Event "13th Norway Chess 2025"]
[Site "Stavanger NOR"]
[Date "2025.06.05"]
[Round "9.3"]
[White "Carlsen, Magnus"]
[Black "Caruana, Fabiano"]
[Result "1-0"]
[WhiteElo "2837"]
[BlackElo "2776"]
[Annotator "Bojkov,Dejan"]
[PlyCount "103"]
[EventDate "2025.05.26"]

{[%evp 0,103,25,28,28,-10,-10,-15,-17,-21,14,3,8,-7,7,-3,1,-36,-40,-31,-44,-38,-32,-41,-32,-41,-18,-20,2,2,-4,18,19,19,15,0,0,0,0,0,0,-3,-25,-18,0,0,41,25,25,34,47,63,119,118,118,133,133,127,127,80,135,129,129,125,77,79,150,158,158,158,158,158,158,135,141,132,141,141,136,127,151,124,148,101,148,94,151,138,159,151,151,151,151,151,147,151,187,197,174,174,381,264,417,421,444,458]} 1. d4 d5 2. c4 e6 3. g3 Nf6 4. Bg2 Be7 5. Nf3 O-O 6. O-O dxc4 7. Qc2 a6 {Caruana comfortably entered a line that he used just a few weeks ago, but as White.} 8. Rd1 ({As White the American chose instead:} 8. a4 Nc6 9. Qxc4 h6 10. Bd2 Qd5 11. Rc1 Rd8 12. Qxd5 exd5 13. e3 {and this game eventually ended in a draw, Caruana,F (2776)-Abdusattorov $146 (2771) Bucharest 2025}) 8... b5 9. Ne5 {Carlsen replies quickly and confidently.} Nd5 10. b3 cxb3 11. axb3 Bb7 12. Ba3 Bd6 {All of this \"is cutting edge theory\" according to the Megabase. White gets ample compensation for the pawn, but Black can look for a good moment to give it back and trade a few pieces in the process.} 13. Nd3 Nd7 14. e4 Bxa3 15. Rxa3 ({RR} 15. exd5 Bd6 16. dxe6 Bxg2 17. exf7+ Rxf7 18. Kxg2 Qf6 19. Nc3 Qxd4 20. Nf4 Qc5 21. Qe4 Raf8 22. Ncd5 Ne5 23. Rac1 Qa7 24. Ne3 Nd7 25. Nh3 Nf6 26. Qf3 h6 27. Nf5 Nd7 28. Qd5 Nf6 29. Qc6 Ba3 {Kornev,A (2500)-Tang,A (2529) chess.com INT 2025 0-1 (36)}) 15... N5f6 16. Nd2 a5 $146 {Here it is, the novelty. Black certainly should not allow his opponent a chance to clamp the queenside.} ({The predecessor saw White getting everything that he wanted to after:} 16... Qe7 $2 17. b4 $1 Rac8 (17... e5 18. Qxc7) 18. Qc3 Rfd8 19. Re1 h5 20. Nb3 h4 21. Nbc5 {Dubov,D (2708)-Grischuk,A (2745) Chess.com INT 2022. It should be said that a younger Carlsen learned the hard way how bad this structure is against Kramnik.}) ({RR} 16... Qe7 17. b4 Rac8 18. Qc3 Rfd8 19. Re1 h5 20. Nb3 h4 21. Nbc5 Nxc5 22. Nxc5 Ba8 23. Rxa6 hxg3 24. hxg3 Ng4 25. f3 Nf6 26. Kf2 Rd6 27. Rea1 Qd8 28. Nb3 e5 29. dxe5 Rd3 30. Qc2 Bxe4 31. fxe4 {Dubov,D (2708)-Grischuk,A (2745) chess24.com INT 2022 1-0 (49)}) 17. Rda1 c5 $1 {The point behind Caruana's play.} ({Keeping the extra pawn is not worth it} 17... c6 18. e5 Nd5 19. Ne4 {and the white knights get the better outposts.}) 18. dxc5 Qc7 19. b4 axb4 {This should be an equalizer. But one can never be certain when facing Carlsen...} ({There is more complex play after} 19... a4 20. Qb2 ({Or} 20. Rc3 Nb8 $1)) 20. Rxa8 Rxa8 21. Rc1 $1 {White plays for a win $1} ({More trades will follow after} 21. Rxa8+ Bxa8 22. Qa2 Bc6) 21... Rc8 {The most obvious and logical move. Caruana targets the last of the white queenside pawns. If it disappears, the draw would become inevitable.} ({However, there was a strong argument for blocking it with} 21... Nb8 $5 22. Nxb4 Nc6 23. Qb2 Nxb4 24. Qxb4 Bc6 {with a perfectly safe position for the second player.}) 22. Qb2 h6 {Another useful move, giving air to the king.} ({The \"activity\"} 22... Qa5 23. Nb3 Qa4 $4 {backfires to} ({Also} 23... Qa3 24. Qc2 $1 {is less than convincing.}) 24. Ra1) ({But it made sense to try and get rid of a pair of knights at once with} 22... Ng4 $5 23. Qxb4 Bc6 {followed by Ng4-e5.}) 23. Qxb4 Bc6 24. Qb2 $1 {Highlighting the fact that Black is a bit cramped, and clumsy.} Ra8 ({Here too} 24... Ng4 $5 {seems good, for example} 25. Nb4 Nge5 26. f4 Nc4 27. Nxc4 bxc4 28. Rxc4 Bb5 29. Rc1 Nxc5 {when the pin is only a temporary issue.}) 25. Nb4 Ne5 {Finally Caruana decided to bring the knights into the game.} ({This time it was too late for} 25... Ng4 $4 26. Nxc6 Qxc6 27. e5) 26. f4 Nc4 $1 {The best chance from a human standpoint.} ({The knight is offside after} 26... Ng6 {and White has a bunch of interesting options, like} 27. e5 ({Or} 27. Nxc6 Qxc6 28. f5) 27... Bxg2 28. exf6 Bc6 29. fxg7 {White should be better.}) 27. Nxc4 bxc4 28. Nxc6 $1 {An accurate move.} ({Annihilating the important bishop later might come with a price, as in the line} 28. Rxc4 Qb7 29. Qd4 Ra4 30. Nxc6 Qb1+ $1 31. Bf1 Ra1 {And suddenly Black has enough counterplay. One funny drawing line runs} 32. Qf2 Ng4 $1 33. Qe2 Ne3 34. Kf2 Ng4+ 35. Kg1 Ne3) 28... Qxc6 29. Rxc4 Rc8 $6 {It's easy to criticize this move armed with the computer's megapower.} ({but calculating all the counterplay after} 29... Ra5 $1 {was definitely impossible. The rook is kept active and ready to bother the white king. The logic is clear. The problem is, though, that the c-passer can become a queen before that. Still, the machine is not afraid. Some beautiful lines run:} 30. Qd4 ({In case of} 30. Qc3 {a nice line shown in the studio by Chirila goes} Qa6 (30... Ra2 $5 {also looks enough for counterplay.}) 31. c6 $6 Ra1+ 32. Bf1 Rxf1+ $3 33. Kxf1 Nxe4 $1 {Now} 34. Qc2 $4 {even loses to} ({Therefore White needs to fight for the draw with} 34. c7 Nd2+ 35. Qxd2 Qxc4+ 36. Kg2 Qxc7) 34... Qxc4+ $1 35. Qxc4 Nd2+ 36. Ke2 Nxc4 37. c7 Nd6 $19) ({In comparison to the game} 30. e5 Nd5 31. f5 {does not yield White anything due to the simple} Rxc5) ({There is also no time for prophylaxis} 30. h3 Rxc5 31. Qb8+ Ne8 {with equality} ({But not} 31... Kh7 $4 32. e5)) 30... Ra2 31. h3 Qb5 32. Qc3 Qb1+ 33. Qc1 ({White has to be careful} 33. Kh2 $4 Qf1) 33... Qd3 $1 {And it turns out that Black is just in time in the line} 34. c6 Qe2 35. Qf1 Qe3+ 36. Kh2 Nxe4 37. c7 Qxg3+ 38. Kg1 Qe3+ 39. Kh2 Qg3+ 40. Kh1 Nf2+ 41. Kg1 ({Or} 41. Qxf2 Qxf2 42. c8=Q+ Kh7 43. Qc6 Qe1+ 44. Kh2 Qf1 {and Black does not risk losing.}) 41... Nxh3+) 30. e5 $1 Nd5 31. f5 $1 {Now Carlsen creates additional weaknesses on the kingside.} Qa6 ({Certainly not} 31... exf5 $2 32. Qd4 Rd8 33. Rc2 {and this time the pin will be painful for Black.}) 32. Rc1 Qa7 {Black keeps his queen closer to the pawn.} ({This looked like a good moment to activate the queen with} 32... Qd3 $1 33. fxe6 Qe3+ 34. Kh1 fxe6 35. c6 (35. Bxd5 exd5) 35... Kh8) 33. fxe6 fxe6 34. Bxd5 $1 {With such a knight on the board the win would be impossible.} exd5 35. Qd4 Qd7 36. Kg2 {This and the next few moves are trademark Carlsen.} (36. Rd1 {is nothing due to} Qc6) 36... Qc6 37. h4 $1 {Fixing some squares around the black king.} Kh8 38. Rc2 Kg8 39. h5 Kh8 40. Kh3 Kg8 41. Kh2 Qe6 42. Rd2 Rd8 43. Kg2 Qc6 44. Rd1 Qa6 45. Re1 Qe6 46. Rb1 {After some improvements, White gets ready to infiltrate into the enemy camp.} Qf5 {Caruana goes for a wrong plan $1} ({True} 46... Re8 {does not even create a threat and White can calmly react with} 47. Rb2 $5 {As the rook endgame after} Qxe5 $4 48. Qxe5 Rxe5 49. c6 {is lost for Black.}) ({However} 46... Rf8 $1 47. Rb2 {And now the neat} Kh8 $1 {should have been tried. Black is looking for a proper moment for a counterplay along the f-file.} ({Not} 47... Qf5 48. Qxd5+)) 47. Rb2 Qxh5 {The last mistake. This pawn is not worth as much as it seems, and the white king is sufficiently defended.} ({The immediate attack} 47... Rf8 $2 {still does not work due to} 48. Qxd5+ Kh7 49. c6 Qf1+ 50. Kh2) ({But the last chance was} 47... Qe6 $1 {When White can keep on grinding with many moves, like} 48. Rb6 (48. Rd2 $5) (48. g4 $5) ({Or the preliminary} 48. Rc2 $5 Qc6 49. g4) 48... Qf5 49. Rb7 Qc2+) 48. c6 $1 {The pawns are too strong.} Kh7 49. e6 $1 ({Perhaps Caruana only calculated} 49. c7 Rc8 50. Rc2 Qf7 {with chances to hold.}) 49... Qg6 50. Re2 $1 (50. c7 $1 {would do as well.}) 50... Ra8 51. Qxd5 Ra3 52. Qe4 1-0

[Event "Norway Chess 2025"]
[Site "Stavanger, Norway"]
[Date "2025.06.06"]
[Round "10.1"]
[White "Erigaisi Arjun"]
[Black "Carlsen, Magnus"]
[Result "1-0"]
[WhiteElo "2782"]
[BlackElo "2837"]
[Annotator "Stockfish 17.1"]
[PlyCount "67"]
[EventDate "2025.??.??"]

{[%evp 0,67,29,26,33,2,27,27,43,32,32,37,54,10,42,2,24,20,20,20,61,-1,-1,9,-26,-26,-26,-101,-99,-93,-93,-101,-10,-10,-10,-14,-20,-20,0,-6,-2,-8,-4,-13,-6,-12,-14,-27,-14,-10,-8,-16,-17,-44,5,-33,-33,-2,162,209,209,209,209,200,1192,1192,29997,29998,29999,-30000] Armagedon} 1. d4 Nf6 2. c4 g6 3. Nc3 Bg7 4. e4 d6 5. Be2 Nbd7 6. Be3 e5 7. d5 Nc5 8. Qc2 a5 9. Nf3 ({RR} 9. h3 b6 10. Nf3 h5 11. Nd2 h4 12. Bg5 Bh6 13. Bxh6 Rxh6 14. O-O-O Bd7 15. Rdf1 Qe7 16. b3 c6 17. f4 exf4 18. Rxf4 g5 19. Rff1 O-O-O 20. Re1 Re8 21. dxc6 Bxc6 22. Nd5 Bxd5 23. cxd5 Kb8 {Bernard,I (2077)-Deak-Sala,E (2079) Trencin SVK 2025 ½-½ (51)}) 9... Ng4 10. Bg5 f6 11. Bh4 $146 ({RR} 11. Bd2 f5 12. Ng5 O-O 13. O-O f4 14. Nf3 g5 15. b3 Nh6 16. Ne1 g4 17. f3 g3 18. h3 Nf7 19. Nd3 Qh4 20. Nxc5 dxc5 21. Be1 Ng5 22. Nb5 Bxh3 23. gxh3 Nxh3+ 24. Kg2 Nf2 25. Rxf2 Qh2+ {Southcott-Moyers,I (2218)-Weetik,V (2423) chess.com INT 2024 0-1}) 11... g5 12. Bg3 f5 13. Nd2 f4 14. Bxg4 Bxg4 15. f3 Bd7 16. Bf2 b6 17. b3 $6 {Inaccuracy. Bxc5 was best.} (17. Bxc5) 17... g4 18. O-O-O Rg8 19. Kb2 gxf3 20. Nxf3 Bf6 21. Rhg1 Bg4 22. a3 Qd7 23. Nb5 Ke7 $6 {Inaccuracy. a4 was best.} (23... a4 24. b4) 24. Rde1 $6 {Inaccuracy. b4 was best.} (24. b4) 24... Rg7 25. Nd2 Kf7 26. g3 Bh5 27. gxf4 $6 {Inaccuracy. b4 was best.} (27. b4) 27... exf4+ 28. Bd4 Qh3 $2 {Mistake. Rxg1 was best.} (28... Rxg1 29. Rxg1) 29. Bxf6 Rxg1 $6 {Inaccuracy. Kxf6 was best.} (29... Kxf6 30. Rxg7 Nd3+ 31. Ka1 Kxg7 32. Qc3+ Kf7 33. c5 bxc5 34. Nxc7 Bg4 35. Rb1) 30. Rxg1 Kxf6 31. e5+ $2 {Mistake. Nxc7 was best.} (31. Nxc7) 31... Kxe5 $4 {Blunder. dxe5 was best.} (31... dxe5 32. Qxh7 Bg4 33. Qxc7 Qe3 34. Qc6+ Kg5 35. Qxa8 Nd3+ 36. Kc2 Ne1+ 37. Kb1) 32. Qxh7 Bg4 $6 {Checkmate is now unavoidable. Qd7 was best.} (32... Qd7) 33. Qg7+ Kf5 34. Nd4# 1-0